| 000 | 01271nam a22003017a 4500 | ||
|---|---|---|---|
| 005 | 20121220112513.0 | ||
| 008 | 121220t xxu||||| |||| 00| 0 eng d | ||
| 010 | _aENG-106518 | ||
| 020 |
_a9788121211345 _c840.00 |
||
| 035 | _aEN-90051 | ||
| 037 | _bDBAD/PUB | ||
| 040 |
_aDPL _bEng |
||
| 082 | 0 | 4 |
_a337.5405496 _223 |
| 100 | 1 |
_aTiwary, Vijay Kumar _954466 |
|
| 245 | 1 | 0 |
_aIndo-Nepal trade relations, 1846 to 1947 / _cby Vijay Kumar Tiwary |
| 260 |
_aNew Delhi _bGyan Publishing House _c2013 |
||
| 270 |
_a23, Main Ansari Road, Daryaganj _bNew Delhi _e110002 |
||
| 300 |
_a292p. _bill. _c23cm(Hb) |
||
| 500 | _aOriginally presented as the author's thesis (Ph. D.)--Ranchi University. | ||
| 500 | _aIncludes bibliographical references (p. [269]-280) and index. | ||
| 651 | 0 |
_aIndia _xCommerce _zNepal. _954467 |
|
| 651 | 0 |
_aNepal _xCommerce _zIndia. _954468 |
|
| 651 | 0 |
_aIndia _xForeign economic relations _zNepal. _954469 |
|
| 651 | 0 |
_aNepal _xForeign economic relations _zIndia. _954470 |
|
| 942 |
_2ddc _cEN _h337.5405496 _mTIW |
||
| 999 |
_c72335 _d72335 |
||